000 00999nam a2200217Ii 4500
003 JO-AjNU
008 230605s9999||||xx |||||||||||||| ||und||
020 _a3-87997-154-4 / 978-87997-154-1 / 2-912374-56-1
040 _aJO-AjNU
_bara
_erda
_cJO-AjNU
041 _aara
050 1 4 _aPJ7701.6.N8.A17 2006
100 3 _aتحقيق فاغنز،إيفالد,
_eauthor
_926941
245 0 0 _aديوان أبي نواس الحسن بن هاني الحكمي: الفهارس العامة القسم الثاني ؛ النشرات الإسلامية جزء20 - قسم 1/6
250 _aط1
264 3 1 _aبيروت:كلاوس شفارتس برلين،2006
300 _aالقسم الثاني، (839-1189)ص
_bالنشرات الإسلامية جزء 20 ، قسم 2/6 ، الديوان القسم الثاني
336 _atext
_btxt
_2rdacontent
337 _aunmediated
_bn
_2rdamedia
338 _avolume
_bnc
_2rdacarrier
650 4 _a الشعر العربي - العصر العباسي
_926942
999 _aA10272
_c13840
_d13840